000
00283nam a22001337a 4500
008
170908b xxu||||| |||| 00| 0 eng d
020
_a
9780697246752
041
_a
eng
080
_a
91
100
_a
42
101
_a
geo
245
_a
EARTH REVEALED
_c
MCGEARY.D
942
_2
udc
_c
BK
999
_c
26750
_d
26750